000 00555nam a2200181Ia 4500
008 100920s9999 xx 000 0 und d
082 _b94514
_a24 न 05
100 _aठाकूर दिलीप.
245 _aकरंट बुकिंग.
260 _bसंवेदना प्रकाशन, पुणे.
_c2005
300 _a166
_bसाधी
365 _b145
520 _aसायो.
630 _aकरंट बुकिंग.
650 _aसायो.
730 _aकरंट बुकिंग.
942 _cBOOK
999 _c734957
_d734954